| 000 | 00470nmm a2200169Ia 4500 | ||
|---|---|---|---|
| 008 | 251105s9999||||xx |||||||||||||||||und|| | ||
| 020 | _a9788498160253 | ||
| 041 | _aspa | ||
| 100 | _aCastelar, Emilio | ||
| 245 | 0 | _aLa abolición de la esclavitud | |
| 264 |
_a[Madrid, España] : _bLinkgua, _c2011 |
||
| 300 | _a41 páginas | ||
| 490 | _aPensamiento | ||
| 650 | _aHistory of Europe: Spain | ||
| 856 | _uhttps://public.digitaliapublishing.com/a/16486 | ||
| 942 | _cCF | ||
| 999 |
_c90788 _d90788 |
||